[Event "Mittelfranken-chTB2b 1314"]
[Site "Mittelfranken"]
[Date "2014.02.16"]
[Round "6.1"]
[White "Kirch, Florian"]
[Black "Moesl, Sebastian"]
[Result "1-0"]
[WhiteElo "2112"]
[BlackElo "1806"]
[PlyCount "45"]
[EventDate "2013.10.20"]
[EventType "team-tourn"]
[EventRounds "9"]
[EventCountry "GER"]
[SourceTitle "EXT 2020"]
[Source "ChessBase"]
[SourceDate "2019.10.17"]
[SourceVersion "1"]
[SourceVersionDate "2019.10.17"]
[SourceQuality "1"]
[WhiteTeam "Bubenreuth/Moehrendorf"]
[BlackTeam "Neumarkt"]
[WhiteTeamCountry "GER"]
[BlackTeamCountry "GER"]

1. d4 Nf6 2. c4 g6 3. Nc3 Bg7 4. e4 d6 5. Nf3 0-0 6. Be2 e5 7. Be3 exd4 8. Nxd4 Re8 9. f3 c6 10. Bg5 a6 11. Qd2 b5 12. cxb5 axb5 13. 0-0 b4 14. Nd1 Qb6 15. Be3 c5 16. Nb5 Ba6 17. Qxb4 Nd5 18. Qb3 Nxe3 19. Nxe3 Bxb5 20. Bxb5 Rd8 21. Nd5 Qa7 22. Kh1 Na6 23. Bxa6 1-0

[Event "Mittelfranken-chTB2b 1213"]
[Site "Germany"]
[Date "2012.12.02"]
[Round "4.1"]
[White "Moesl, Sebastian"]
[Black "Heimrath, Wolfgang"]
[Result "0-1"]
[WhiteElo "1819"]
[BlackElo "2064"]
[PlyCount "88"]
[EventDate "2012.10.07"]
[EventType "team-tourn"]
[EventRounds "9"]
[EventCountry "GER"]
[SourceTitle "EXT 2019"]
[Source "ChessBase"]
[SourceDate "2018.10.10"]
[SourceVersion "1"]
[SourceVersionDate "2018.10.10"]
[SourceQuality "1"]
[WhiteTeam "Neumarkt"]
[BlackTeam "Fuerth SG"]
[WhiteTeamCountry "GER"]
[BlackTeamCountry "GER"]

1. e4 c6 2. Nf3 d5 3. exd5 cxd5 4. Ne5 a6 5. d4 Nf6 6. Bd3 Nc6 7. c3 e6 8. 0-0 Bd6 9. f4 0-0 10. Nd2 Ne7 11. Qe2 b5 12. a3 Qb6 13. Kh1 Rb8 14. Rf3 g6 15. Rh3 Kg7 16. Qf2 Rh8 17. g4 h5 18. Qh4 Qd8 19. g5 Ne8 20. Qf2 Bc7 21. Ndf3 Nd6 22. Nh4 Bb7 23. Qc2 Nef5 24. Nxf5+ exf5 25. Re3 Bb6 26. Re2 Rc8 27. Qd1 Re8 28. Be3 Rc7 29. Bf2 Qc8 30. Qe1 Re6 31. Kg1 a5 32. Rc2 b4 33. axb4 axb4 34. Qc1 bxc3 35. bxc3 Ne4 36. Be1 Nxc3 37. Bxc3 Rxc3 38. Rxc3 Bxd4+ 39. Kf1 Qxc3 40. Qxc3 Bxc3 41. Ra7 Rb6 42. Nd7 Rb4 43. Nc5 Rxf4+ 44. Ke2 Bd4 0-1

[Event "Mittelfranken-chTB2b 1112"]
[Site "Germany"]
[Date "2012.02.26"]
[Round "7.6"]
[White "Moesl, Sebastian"]
[Black "Schatz, Werner"]
[Result "1/2-1/2"]
[WhiteElo "1819"]
[BlackElo "1924"]
[PlyCount "135"]
[EventDate "2011.09.25"]
[EventType "team-tourn"]
[EventRounds "9"]
[EventCountry "GER"]
[SourceTitle "EXT 2018"]
[Source "ChessBase"]
[SourceDate "2017.10.13"]
[SourceVersion "1"]
[SourceVersionDate "2017.10.13"]
[SourceQuality "1"]
[WhiteTeam "Neumarkt"]
[BlackTeam "Schwanstetten"]
[WhiteTeamCountry "GER"]
[BlackTeamCountry "GER"]

1. e4 g6 2. d4 Bg7 3. Nc3 d6 4. Be3 Nd7 5. Nf3 a6 6. Be2 b5 7. a3 Bb7 8. 0-0 Ngf6 9. Nd2 c5 10. Bf3 0-0 11. Re1 Rc8 12. Ne2 cxd4 13. Bxd4 Ne5 14. Bxe5 dxe5 15. Nc3 e6 16. Nb3 Qb6 17. Qe2 Bh6 18. Red1 Rfd8 19. Rxd8+ Rxd8 20. Rd1 Rxd1+ 21. Qxd1 Bf8 22. Qd3 Kg7 23. Nd1 a5 24. Nd2 b4 25. axb4 axb4 26. g3 Ba6 27. Qb3 Qd4 28. Qe3 Nd7 29. Qxd4 exd4 30. Bg2 e5 31. Bf1 Bb7 32. f3 f5 33. Bh3 Kf6 34. Nf2 Bh6 35. Nb3 Be3 36. Kf1 Ba6+ 37. Ke1 Bc4 38. Na5 Nb6 39. Bf1 Bxf1 40. Kxf1 Bxf2 41. Kxf2 Na4 42. Nc4 fxe4 43. fxe4 Nc5 44. Kf3 g5 45. h3 h5 46. Nb6 b3 47. cxb3 Nxb3 48. Nc4 Ke6 49. Ke2 g4 50. hxg4 hxg4 51. Kd1 Nc5 52. Nd2 Kd6 53. Kc2 Nd7 54. b4 Kc6 55. Kd3 Kb5 56. Nc4 Kxb4 57. Nxe5 Nxe5+ 58. Kxd4 Nc6+ 59. Kd5 Kb5 60. e5 Ne7+ 61. Ke4 Kc4 62. e6 Kc5 63. Ke5 Kc6 64. Kf4 Kd6 65. Kxg4 Kxe6 66. Kg5 Nf5 67. g4 Ne3 68. Kf4 1/2-1/2

[Event "Mittelfranken-chTB2b 1112"]
[Site "Germany"]
[Date "2011.12.11"]
[Round "4.6"]
[White "Moesl, Sebastian"]
[Black "Kotz, Roland"]
[Result "0-1"]
[WhiteElo "1823"]
[BlackElo "1711"]
[PlyCount "54"]
[EventDate "2011.09.25"]
[EventType "team-tourn"]
[EventRounds "9"]
[EventCountry "GER"]
[SourceTitle "EXT 2013"]
[Source "ChessBase"]
[SourceDate "2012.11.22"]
[SourceVersion "1"]
[SourceVersionDate "2012.11.22"]
[SourceQuality "1"]
[WhiteTeam "Neumarkt"]
[BlackTeam "Kirchehrenbach/Ebermannstadt"]
[WhiteTeamCountry "GER"]
[BlackTeamCountry "GER"]

1. e4 g6 2. d4 d6 3. Nc3 Bg7 4. Be3 Nf6 5. f3 0-0 6. Qd2 c6 7. 0-0-0 b5 8. g4 Qa5 9. Kb1 b4 10. Nce2 c5 11. dxc5 dxc5 12. Nf4 Ba6 13. Bxa6 Nxa6 14. Qe2 Ne8 15. Bc1 Nd6 16. e5 Nb5 17. Nd5 Nc3+ 18. Nxc3 bxc3 19. b3 Rab8 20. f4 Nb4 21. a3 Nc6 22. Qe4 Nd4 23. Ne2 Nxb3 24. cxb3 Rxb3+ 25. Ka2 Rfb8 26. Nxc3 Rxc3 27. Rd2 Rxa3+ 0-1

[Event "Mittelfranken-ch QT 60th"]
[Site "Buechenbach/Roth"]
[Date "2011.04.22"]
[Round "5"]
[White "Moesl, Sebastian"]
[Black "Gajewski, Richard"]
[Result "1-0"]
[WhiteElo "1818"]
[BlackElo "1653"]
[PlyCount "45"]
[EventDate "2011.04.20"]
[EventType "swiss"]
[EventRounds "7"]
[EventCountry "GER"]
[SourceTitle "CBM 142 Extra"]
[Source "ChessBase"]
[SourceDate "2011.06.27"]
[SourceVersion "1"]
[SourceVersionDate "2011.06.27"]
[SourceQuality "1"]

1. e4 e6 2. d4 b6 3. Nc3 Bb7 4. Bd3 Bb4 5. a3 Bxc3+ 6. bxc3 f5 7. Qe2 Nf6 8. Bg5 0-0 9. f3 h6 10. Bh4 g5 11. Bf2 Nh5 12. Be3 fxe4 13. fxe4 Nf4 14. Bxf4 Rxf4 15. Nf3 Qe7 16. 0-0 Nc6 17. a4 Re8 18. Nd2 Na5 19. Qh5 e5 20. Qg6+ Kf8 21. g3 exd4 22. gxf4 Qc5 23. fxg5+ 1-0

[Event "Mittelfranken-ch QT 60th"]
[Site "Buechenbach/Roth"]
[Date "2011.04.22"]
[Round "6"]
[White "Zhao, Kevin"]
[Black "Moesl, Sebastian"]
[Result "0-1"]
[WhiteElo "1735"]
[BlackElo "1818"]
[PlyCount "84"]
[EventDate "2011.04.20"]
[EventType "swiss"]
[EventRounds "7"]
[EventCountry "GER"]
[SourceTitle "CBM 142 Extra"]
[Source "ChessBase"]
[SourceDate "2011.06.27"]
[SourceVersion "1"]
[SourceVersionDate "2011.06.27"]
[SourceQuality "1"]

1. e4 d6 2. d4 g6 3. Nc3 Bg7 4. Be3 Nf6 5. Qd2 c6 6. Be2 b5 7. a3 0-0 8. f3 Nbd7 9. g4 Bb7 10. g5 Nh5 11. f4 a5 12. Bxh5 gxh5 13. f5 Nb6 14. Qf2 Nc4 15. Bc1 Nb6 16. Nge2 Nd7 17. Ng3 b4 18. Nce2 c5 19. d5 h4 20. Nh5 Bc8 21. Nxg7 Kxg7 22. Qxh4 Ne5 23. Qh6+ Kh8 24. Nf4 Rg8 25. h4 Qf8 26. Qh5 Bd7 27. Bd2 Rg7 28. Rg1 Qg8 29. Qe2 Qb8 30. h5 a4 31. h6 Rg8 32. Qh5 Be8 33. axb4 cxb4 34. Be3 a3 35. b3 Qc8 36. Bd4 Qxc2 37. Bxe5+ dxe5 38. g6 Qxe4+ 39. Kf2 Qxf4+ 40. Ke2 Qe4+ 41. Kd2 Qd4+ 42. Ke2 Qb2+ 0-1

[Event "Mittelfranken-ch QT 60th"]
[Site "Buechenbach/Roth"]
[Date "2011.04.21"]
[Round "4"]
[White "Diller, Daniel"]
[Black "Moesl, Sebastian"]
[Result "1/2-1/2"]
[WhiteElo "1761"]
[BlackElo "1818"]
[PlyCount "78"]
[EventDate "2011.04.20"]
[EventType "swiss"]
[EventRounds "7"]
[EventCountry "GER"]
[SourceTitle "CBM 142 Extra"]
[Source "ChessBase"]
[SourceDate "2011.06.27"]
[SourceVersion "1"]
[SourceVersionDate "2011.06.27"]
[SourceQuality "1"]

1. c4 Nf6 2. g3 g6 3. Bg2 Bg7 4. Nc3 0-0 5. e4 d6 6. Nge2 c6 7. 0-0 Nbd7 8. d3 a6 9. a4 Rb8 10. h3 b5 11. axb5 axb5 12. cxb5 cxb5 13. Nd4 Bb7 14. Ndxb5 Nc5 15. Be3 Nfd7 16. d4 Nxe4 17. Bxe4 Bxe4 18. Nxd6 Ba8 19. Nc4 Qc8 20. Qe2 Nf6 21. Kh2 Qc6 22. f3 Rb4 23. Ne5 Qb7 24. Nd3 Rb6 25. d5 Rd6 26. Ra7 Qc8 27. Bc5 Rd7 28. Rxd7 Nxd7 29. Bxe7 Re8 30. d6 Bb7 31. Rc1 Qa8 32. Ne4 Ba6 33. Qe3 Qb8 34. Nef2 Bf8 35. Nc5 Nxc5 36. Qxc5 Bxe7 37. dxe7 Qxb2 38. Rc2 Qb7 39. Qc7 Rxe7 1/2-1/2

[Event "Mittelfranken-chTB2b 1011"]
[Site "Germany"]
[Date "2011.03.13"]
[Round "7.4"]
[White "Korth, Manfred"]
[Black "Moesl, Sebastian"]
[Result "1/2-1/2"]
[WhiteElo "1812"]
[BlackElo "1815"]
[PlyCount "26"]
[EventDate "2010.09.26"]
[EventType "team-tourn"]
[EventRounds "9"]
[EventCountry "GER"]
[SourceTitle "EXT 2012"]
[Source "ChessBase"]
[SourceDate "2011.11.24"]
[SourceVersion "1"]
[SourceVersionDate "2011.11.24"]
[SourceQuality "1"]
[WhiteTeam "Heideck/Hilpoltstein"]
[BlackTeam "Neumarkt"]
[WhiteTeamCountry "GER"]
[BlackTeamCountry "GER"]

1. c4 Nf6 2. Nc3 e5 3. d3 c6 4. Nf3 d6 5. e4 Be7 6. Be2 0-0 7. Bd2 Nbd7 8. 0-0 Re8 9. Rb1 Nf8 10. b4 a6 11. a4 Ng6 12. Qc2 Bd7 13. Rfe1 Qc7 1/2-1/2

[Event "Mittelfranken-chTB2b 0809"]
[Site "Mittelfranken"]
[Date "2008.12.07"]
[Round "3.5"]
[White "Moesl, Sebastian"]
[Black "Fising, Robert"]
[Result "1/2-1/2"]
[WhiteElo "1779"]
[BlackElo "1649"]
[PlyCount "58"]
[EventDate "2008.10.12"]
[EventType "team"]
[EventRounds "9"]
[EventCountry "GER"]
[SourceTitle "EXT 2011"]
[Source "ChessBase"]
[SourceDate "2010.11.26"]
[SourceVersion "1"]
[SourceVersionDate "2010.11.26"]
[SourceQuality "1"]
[WhiteTeam "Neumarkt"]
[BlackTeam "Gunzenhausen/Weissenburg II"]
[WhiteTeamCountry "GER"]
[BlackTeamCountry "GER"]

1. e4 c5 2. Nc3 Nc6 3. f4 d6 4. Nf3 Bg4 5. Be2 e6 6. 0-0 Nf6 7. d3 Bxf3 8. Bxf3 Nd4 9. Be3 Nxf3+ 10. Qxf3 Nd7 11. Ne2 Qc7 12. Ng3 Be7 13. Qg4 Rg8 14. f5 Nf6 15. Qh3 e5 16. Ne2 h6 17. Nc3 a6 18. Bf2 0-0-0 19. a4 Kb8 20. Bh4 Rh8 21. a5 Qd7 22. Bxf6 Bxf6 23. Nd5 Rdg8 24. Rfb1 Bd8 25. b4 Qb5 26. c4 Qd7 27. b5 Ka7 28. bxa6 bxa6 29. Ra2 Bc7 1/2-1/2

[Event "Mittelfrankenliga-B2a 0607"]
[Site "Mittelfranken"]
[Date "2006.12.03"]
[Round "3.6"]
[White "Ziegler, Ronald"]
[Black "Moesl, Sebastian"]
[Result "0-1"]
[WhiteElo "1816"]
[BlackElo "1843"]
[PlyCount "98"]
[EventDate "2006.10.22"]
[EventType "team-tourn"]
[EventRounds "9"]
[EventCountry "GER"]
[SourceTitle "EXT 2011"]
[Source "ChessBase"]
[SourceDate "2010.11.26"]
[SourceVersion "1"]
[SourceVersionDate "2010.11.26"]
[SourceQuality "1"]
[WhiteTeam "Erlangen Siemens"]
[BlackTeam "Neumarkt"]
[WhiteTeamCountry "GER"]
[BlackTeamCountry "GER"]

1. e4 c5 2. Nf3 Nc6 3. d4 cxd4 4. Nxd4 d6 5. Nc3 Nf6 6. Be2 g6 7. Be3 Bg7 8. Qd2 0-0 9. f3 a6 10. 0-0-0 Nxd4 11. Bxd4 b5 12. g4 Be6 13. h4 Qa5 14. Kb1 b4 15. Nd5 Nxd5 16. exd5 Qxd5 17. b3 Qxd4 18. Qxd4 Bxd4 19. Rxd4 a5 20. Bd3 Rac8 21. h5 Rc5 22. Be4 Kg7 23. Rd2 Re5 24. hxg6 hxg6 25. Rdh2 Bxg4 26. fxg4 Rxe4 27. g5 Rg8 28. Rh7+ Kf8 29. Rf1 Rg7 30. Rh8+ Rg8 31. Rh7 Ke8 32. Rfxf7 Rf8 33. Rxf8+ Kxf8 34. Rh8+ Kf7 35. Rb8 Re5 36. a3 bxa3 37. Ka2 Rxg5 38. Kxa3 Rc5 39. c4 g5 40. b4 axb4+ 41. Kxb4 g4 42. Kc3 g3 43. Rb1 g2 44. Rg1 Rg5 45. Kd4 Kg6 46. Ke3 Kh5 47. Kf3 Kh4 48. Kf4 Rg4+ 49. Kf3 Kh3 0-1

[Event "Mittelfrankenliga-B2a 0506"]
[Site "Germany"]
[Date "2005.10.16"]
[Round "1.7"]
[White "Moesl, Sebastian"]
[Black "Rohde, Bjoern"]
[Result "1/2-1/2"]
[WhiteElo "1759"]
[BlackElo "1685"]
[PlyCount "72"]
[EventDate "2005.10.16"]
[EventType "team-tourn"]
[EventRounds "9"]
[EventCountry "GER"]
[SourceTitle "EXT 2007"]
[Source "ChessBase"]
[SourceDate "2006.11.23"]
[SourceVersion "1"]
[SourceVersionDate "2006.11.23"]
[SourceQuality "1"]

1. e4 e6 2. d4 d5 3. exd5 exd5 4. Bd3 Bd6 5. Nc3 Ne7 6. Bg5 f6 7. Bh4 Nbc6 8. Qh5+ g6 9. Qf3 Rf8 10. Nge2 Bb4 11. 0-0 Bxc3 12. bxc3 Nf5 13. Bg3 Nce7 14. Rfe1 Kf7 15. Bf4 Nh4 16. Qg3 Nhf5 17. Qh3 Kg8 18. g4 Ng7 19. Qg3 Qd7 20. h3 Ne6 21. Bh6 Rf7 22. f3 c5 23. dxc5 Nxc5 24. Nd4 Nxd3 25. cxd3 Nc6 26. Ne6 Re7 27. Nc5 Qe8 28. d4 Nd8 29. Rxe7 Qxe7 30. Re1 Ne6 31. Bf4 b6 32. Bd6 Qf7 33. Nd3 Ba6 34. Nb4 Bc4 35. a3 Rc8 36. Re3 a5 1/2-1/2